<?xml version="1.0" encoding="UTF-8"?>
<marc:record xmlns:marc="http://www.loc.gov/MARC21/slim">
   <marc:leader>00000nam a2200000 a 4500</marc:leader>
   <marc:datafield ind1="1" ind2=" " tag="100">
      <marc:subfield code="a">Ondracek, Claudia</marc:subfield>
      <marc:subfield code="4">aut</marc:subfield>
      <marc:subfield code="e">Verfasser/-in</marc:subfield>
   </marc:datafield>
   <marc:datafield ind1=" " ind2=" " tag="653">
      <marc:subfield code="a">Fußball</marc:subfield>
   </marc:datafield>
   <marc:datafield ind1=" " ind2=" " tag="653">
      <marc:subfield code="a">ú34125ú43125</marc:subfield>
   </marc:datafield>
   <marc:datafield ind1=" " ind2=" " tag="653">
      <marc:subfield code="a">Clique</marc:subfield>
   </marc:datafield>
   <marc:datafield ind1=" " ind2=" " tag="653">
      <marc:subfield code="a">Sportliche Technik</marc:subfield>
   </marc:datafield>
   <marc:datafield ind1=" " ind2=" " tag="653">
      <marc:subfield code="a">Kinderbuch</marc:subfield>
   </marc:datafield>
   <marc:datafield ind1=" " ind2=" " tag="653">
      <marc:subfield code="a">Schüler</marc:subfield>
   </marc:datafield>
   <marc:datafield ind1="0" ind2="0" tag="245">
      <marc:subfield code="a">Die Bolzplatz-Bande macht das Spiel!</marc:subfield>
   </marc:datafield>
   <marc:datafield ind1="0" ind2="0" tag="245">
      <marc:subfield code="c">Claudia Ondracek. Mit Bildern von Leopé</marc:subfield>
   </marc:datafield>
   <marc:datafield ind1=" " ind2="1" tag="264">
      <marc:subfield code="a">[Ravensburg]</marc:subfield>
      <marc:subfield code="b">Ravensburger Buchverl.</marc:subfield>
      <marc:subfield code="c">2008</marc:subfield>
   </marc:datafield>
   <marc:datafield ind1="1" ind2=" " tag="520">
      <marc:subfield code="a">Die "Turbo 6" Juri, Jan, Max, Leon, Maya und Lea werden von ihrem Freund Jakob aus dem Fußballclub Friedenau dringend um Hilfe gebeten. 5 Spieler stehen im Stau und das wichtige Turnier fängt gleich an! Jan versucht, seine Bolzfreunde zu überreden, doch die haben eigentlich keine Lust auf "Fußballer in Hochglanz-Trikots". Aber dann siegt der sportliche Kampfgeist und alle 6 legen richtig los, sodass der gegnerischen Mannschaft Hören und Sehen vergeht. Die Bolzplatz-Bande beweist einmal mehr, dass man auch ohne tolle Ausrüstung richtig gut Fußball spielen kann! Lebhafte, spannende Fortsetzung der "Bolzplatz-Bande" (BA 9/06), zu der sich C. Ondracek (zuletzt BA 5/07) und Leopé noch einmal zusammengetan haben (weitere Leseraben-Bände der 1. Stufe in dieser Nr.). Die ausdrucksstarken Bilder passen gut zum dialogreichen Text. Ein kleines Turnierwörterbuch hilft auch Fußballanfängern bei der Begriffserklärung auf die Sprünge, das Leserätsel am Schluss fördert das tiefere Textverständnis. Gern wieder empfohlen (auch für Schulen). Für Jungen und Mädchen ab 6.. - Die Hilfe der 6 Turbo-Kicker ist gefragt: Juri, Jan, Max, Leon, Maya und Lea sollen ihrem Freund Jakob beistehen und bei einem wichtigen Fußballturnier in seiner Mannschaft spielen. Ob sie gegen die Vereinsprofis bestehen können? Ab 6.</marc:subfield>
   </marc:datafield>
   <marc:datafield ind1=" " ind2=" " tag="020">
      <marc:subfield code="a">9783473363353</marc:subfield>
      <marc:subfield code="9">9783473363353</marc:subfield>
   </marc:datafield>
   <marc:datafield ind1=" " ind2=" " tag="300">
      <marc:subfield code="a">42 S.</marc:subfield>
   </marc:datafield>
</marc:record>
